000 01368nam0a22003851 4500
001 v19\rc\1691607
005 20250619023842.0
035 _a(NLR Aleph) 004795341
090 _a4772469
_c4772469
100 _a20061002d1897 |||y0rusy50 ca
101 0 _arus
102 _aRU
105 _aa z |||||
135 _acrmn mmmanaba
200 1 _aПамятка о Петербурге и его примечательностях
_eДля войск и народа
_fСост. В. Жерве
210 _aСанкт-Петербург
_cВоен. тип.
_d1897
215 _a79 с.
_cил.
_d21
325 _aКопия доступна в Электрон. б-ке РНБ
700 1 _aЖерве
_bВ.В.
_f1867-
_gВиктор Всеволодович
_4220
801 0 _aRU
_bNLR
_gpsbo
801 0 _aRU
_bRuMoRGB
_2psbo
801 1 _aRU
_bProSoft-M
_2rusmarc
852 _aNLR
_j18.142.3.425
899 _aRuMoRGB
_jU 394/481
899 _aRuMoRGB
_jR 7/385
899 _aRuMoRGB
_jΔ 422/370
899 _aБАН
899 _aГПИБ
942 _cBOOK
980 _aNB
981 4 3 _a(43) Тематическая подборка Санкт-Петербург
_b(43) Путеводители
981 3 4 _a(34) Санкт-Петербург